000 00500cam a2200217 4500
001 D13799
008 090401t1946 xxu||||| |||| 00| 0 eng d
035 _a(Sirsi) u11733
041 _aeng
100 _aRyde, Walter C
245 _aRyde on rating: the law and practice
250 _a8th
260 _aLondon
_bButterworth & Shaw
_c1946
300 _a1319p
350 _a0
520 _aShelf 134
700 _aRowe, M.E.
700 _aWilliams, H.B.
942 _n0
948 _c04/03/1997
999 _c86903
_d86903